<?xml version="1.0" encoding="UTF-8"?>
<record
    xmlns:xsi="http://www.w3.org/2001/XMLSchema-instance"
    xsi:schemaLocation="http://www.loc.gov/MARC21/slim http://www.loc.gov/standards/marcxml/schema/MARC21slim.xsd"
    xmlns="http://www.loc.gov/MARC21/slim">

  <leader>00718nam a22001817a 4500</leader>
  <datafield tag="999" ind1=" " ind2=" ">
    <subfield code="c">6523</subfield>
    <subfield code="d">6523</subfield>
  </datafield>
  <controlfield tag="003">OSt</controlfield>
  <controlfield tag="005">20231113122240.0</controlfield>
  <controlfield tag="008">130625n        sp ||||| |||| 00| 0 cat d</controlfield>
  <datafield tag="040" ind1=" " ind2=" ">
    <subfield code="c">CDMR</subfield>
    <subfield code="b">cat</subfield>
  </datafield>
  <datafield tag="245" ind1=" " ind2=" ">
    <subfield code="a">Eugeni Xammar Puigvent&#xF3;s</subfield>
  </datafield>
  <datafield tag="260" ind1=" " ind2=" ">
    <subfield code="c">[1997?]</subfield>
  </datafield>
  <datafield tag="300" ind1=" " ind2=" ">
    <subfield code="a">19 p.</subfield>
  </datafield>
  <datafield tag="505" ind1=" " ind2=" ">
    <subfield code="a">Dossier sobre el llegat d'Eugeni Xammar, a partir dels documents recopilats per Josep Badia, completats i catalogats per Carles Badia. El fons Xammar &#xE9;s disponible a l'Arxiu Nacional de Catalunya: https://arxiusenlinia.cultura.gencat.cat/#/cercaavancada/detallfons/ANC1-395</subfield>
  </datafield>
  <datafield tag="600" ind1="1" ind2=" ">
    <subfield code="9">1340</subfield>
    <subfield code="a">Xammar, Eugeni</subfield>
  </datafield>
  <datafield tag="650" ind1="0" ind2="4">
    <subfield code="9">3139</subfield>
    <subfield code="a">Periodistes catalans</subfield>
    <subfield code="v">Biografia</subfield>
  </datafield>
  <datafield tag="700" ind1="1" ind2=" ">
    <subfield code="9">3034</subfield>
    <subfield code="a">Badia i Moret, Josep</subfield>
  </datafield>
  <datafield tag="942" ind1=" " ind2=" ">
    <subfield code="2">udc</subfield>
    <subfield code="c">FULLET</subfield>
  </datafield>
  <datafield tag="952" ind1=" " ind2=" ">
    <subfield code="0">0</subfield>
    <subfield code="1">0</subfield>
    <subfield code="4">0</subfield>
    <subfield code="7">1</subfield>
    <subfield code="a">CDMR</subfield>
    <subfield code="b">CDMR</subfield>
    <subfield code="d">2013-01-16</subfield>
    <subfield code="l">0</subfield>
    <subfield code="o">Du 1/44</subfield>
    <subfield code="p">CDMR13066777</subfield>
    <subfield code="r">2013-06-25</subfield>
    <subfield code="w">2013-06-25</subfield>
    <subfield code="y">FULLET</subfield>
  </datafield>
</record>
